| 000 | 00463nam a22001097a 4500 | ||
|---|---|---|---|
| 080 | _a342.24 M 664 | ||
| 245 |
_aConstituciones Provinciales Argentinas _bcon la ley organica de la Municipalidad de la Ciudad de Buenos Aires y regimen legal del Territorio Nacional de la Tierra del Fuego, Antartida e Islas del Atlantico Sur |
||
| 260 |
_aBuenos Aires _bMinisterios del Interior _c1983 |
||
| 650 | _xconstituciones provinciales | ||
| 945 |
_asa _d2014-11-11 |
||
| 999 |
_c2690 _d233194 |
||
| 942 | _6_ | ||